Квиз о Јемену - Statistics

General Stats
  • This quiz has been taken 61 times
  • The average score is 9 of 18
Answer Stats
Опис Одговор % Correct
Државе са којима се граничи Оман
98%
Државе са којима се граничи Саудијска Арабија
98%
Званичан језик Арапски
91%
Море на западу Црвено море
91%
Религија већине становника Ислам
87%
Главни град Сана
83%
Најближа афричка држава, удаљена мање од 20 км Џибути
64%
Јемен је био најјужнија тачка овог царства Османско царство
55%
Скоро цела јеврејска популација Јемена је побегла у ову државу у операцији "Летећи тепих" Израел
51%
Јемен је ову праксу званично укинуо 1962, али се нажалост и данас практикује Ропство
45%
Као и у суседним државама и у Јемену живе ови пустињски номади Бедуини
34%
Највеће острво Сокотра
28%
Највећи обални град, лежи на истоименом заливу Аден
26%
Шиитски побуњеници који контролишу запад државе (почиње на слово Х) Хути
23%
Ове две државе су се ујединиле 1990. да би створили Јемен. Именује било коју Северни Јемен / Јужни Јемен
19%
Веома популарно пиће за које се верује да потиче из Јемена Кафа
11%
Дрво занимљивог изгледа, ендемско је за острво изнад {Змај}ево дрво
4%
Лишће ове биљке се користи као стимуланс Кат
2%
No matching quizzes found
Score Distribution
Percent of People with Each Score
Percentile by Number Answered
Your Score History
You have not taken this quiz